Every Audi RS model ever - Statistics

General Stats
  • This quiz has been taken 77 times
  • The average score is 22 of 69
Answer Stats
Picture Answer % Correct
Audi RS2 Avant
93%
Audi RS4 Avant
91%
Audi RS6 Limousine
85%
Audi TT RS Coupé
69%
Audi RS5 Coupé
65%
Audi RS5 Coupé
65%
Audi RS3 Sportback
64%
Audi RS4 Limousine
64%
Audi RS6 Avant
64%
Audi RS4 Avant
62%
Audi RS7 Sportback
58%
Audi RS6 Avant
56%
Audi RS6 Avant
56%
Audi RS6 Limousine
55%
Audi RS Q3
55%
Audi RS4 Avant
53%
Audi RS5 Cabriolet
53%
Audi RS4 Cabriolet
49%
Audi RS3 Sportback
44%
Audi RS7 Sportback
44%
Audi RS6 Avant
42%
Audi RS Q3
42%
Audi RS3 Sportback
35%
Audi RS5 Coupé
33%
Audi TT RS Coupé
33%
Audi RS4 Avant
31%
Audi RS3 Sportback
29%
Audi RS4 Avant
29%
Audi RS6 Avant
29%
Audi RS7 Sportback
29%
Audi RS Q8
29%
Audi RS3 Limousine
27%
Audi RS3 Limousine
27%
Audi RS3 Sportback
27%
Audi RS5 Coupé
27%
Audi RS Q3
27%
Audi TT RS Coupé
27%
Audi RS Q8
25%
Audi TT RS Roadster
25%
Audi RS5 Sportback
24%
Audi RS3 Limousine
22%
Audi RS6 Avant GT
22%
Audi RS e-tron GT
22%
Audi RS5 Sportback
20%
Audi RS e-tron GT
20%
Audi RS6 Avant performance
18%
Audi RS Q3 Sportback
18%
Audi TT RS Roadster
18%
Audi RS7 Sportback performance
16%
Audi TT RS Roadster
16%
Audi RS6 Avant performance
15%
Audi RS6 plus
15%
Audi RS7 Sportback performance
15%
Audi RS3 Sportback performance
13%
Audi RS Q3 performance
13%
Audi TT RS plus
13%
Audi RS3 Limousine performance
11%
Audi RS e-tron GT performance
9%
Audi RS Q8 performance
9%
Audi RS4 Avant competition plus
5%
Audi RS4 Avant Nogaro selection
5%
Audi RS5 Coupé competition plus
5%
Audi RS5 Sportback competition plus
5%
Audi TT RS performance parts
5%
Audi TT RS 40 Jahre Quattro
2%
Audi RS5 Coupé Sport Edition
0%
Audi RS6 Avant RS Tribute Edition
0%
Audi RS Q3 edition 10 years
0%
Audi TT RS Iconic Edition
0%
No matching quizzes found
Score Distribution
Percent of People with Each Score
Percentile by Number Answered
Your Score History
You have not taken this quiz